<?xml version="1.0" encoding="UTF-8"?>
<record
    xmlns:xsi="http://www.w3.org/2001/XMLSchema-instance"
    xsi:schemaLocation="http://www.loc.gov/MARC21/slim http://www.loc.gov/standards/marcxml/schema/MARC21slim.xsd"
    xmlns="http://www.loc.gov/MARC21/slim">

  <leader>00558nam a2200193Ia 4500</leader>
  <controlfield tag="003">GBCCL</controlfield>
  <controlfield tag="005">20241126110343.0</controlfield>
  <controlfield tag="008">170302b        xxu||||| |||| 00| 0 eng d</controlfield>
  <datafield tag="020" ind1=" " ind2=" ">
    <subfield code="a">0830725253</subfield>
  </datafield>
  <datafield tag="040" ind1=" " ind2=" ">
    <subfield code="c">gbc</subfield>
  </datafield>
  <datafield tag="082" ind1=" " ind2=" ">
    <subfield code="a">270</subfield>
    <subfield code="b">GAR</subfield>
  </datafield>
  <datafield tag="100" ind1=" " ind2=" ">
    <subfield code="a">Garlow, James L.</subfield>
    <subfield code="9">723</subfield>
  </datafield>
  <datafield tag="245" ind1=" " ind2=" ">
    <subfield code="a">How God saved civilization /</subfield>
    <subfield code="c">James L. Garlow.</subfield>
  </datafield>
  <datafield tag="260" ind1=" " ind2=" ">
    <subfield code="a">Ventura, CA :</subfield>
    <subfield code="b">Regal Books ,:</subfield>
    <subfield code="c">c2000.</subfield>
  </datafield>
  <datafield tag="300" ind1=" " ind2=" ">
    <subfield code="a">425 p. ;</subfield>
    <subfield code="b">23 cm.</subfield>
  </datafield>
  <datafield tag="504" ind1=" " ind2=" ">
    <subfield code="a">Includes bibliographical references (p. [397]-410) and index.</subfield>
  </datafield>
  <datafield tag="650" ind1=" " ind2=" ">
    <subfield code="a">Church history.</subfield>
    <subfield code="9">117</subfield>
  </datafield>
  <datafield tag="942" ind1=" " ind2=" ">
    <subfield code="e">1ST</subfield>
    <subfield code="2">ddc</subfield>
    <subfield code="c">BK</subfield>
    <subfield code="0">5</subfield>
  </datafield>
  <datafield tag="999" ind1=" " ind2=" ">
    <subfield code="c">673</subfield>
    <subfield code="d">673</subfield>
  </datafield>
  <datafield tag="952" ind1=" " ind2=" ">
    <subfield code="0">0</subfield>
    <subfield code="1">0</subfield>
    <subfield code="2">ddc</subfield>
    <subfield code="4">0</subfield>
    <subfield code="7">0</subfield>
    <subfield code="a">GBC</subfield>
    <subfield code="b">GBC</subfield>
    <subfield code="c">CH</subfield>
    <subfield code="d">2017-03-02</subfield>
    <subfield code="l">1</subfield>
    <subfield code="o">270 GAR</subfield>
    <subfield code="p">007017</subfield>
    <subfield code="r">2026-02-12 15:00:54</subfield>
    <subfield code="s">2026-02-10</subfield>
    <subfield code="t">c.1</subfield>
    <subfield code="w">2017-03-02</subfield>
    <subfield code="y">BK</subfield>
  </datafield>
  <datafield tag="952" ind1=" " ind2=" ">
    <subfield code="0">0</subfield>
    <subfield code="1">0</subfield>
    <subfield code="2">ddc</subfield>
    <subfield code="4">0</subfield>
    <subfield code="7">0</subfield>
    <subfield code="a">GBC</subfield>
    <subfield code="b">GBC</subfield>
    <subfield code="c">CH</subfield>
    <subfield code="d">2017-03-02</subfield>
    <subfield code="l">2</subfield>
    <subfield code="o">270 GAR</subfield>
    <subfield code="p">007675</subfield>
    <subfield code="r">2025-05-01 00:00:00</subfield>
    <subfield code="s">2021-03-17</subfield>
    <subfield code="t">c.2</subfield>
    <subfield code="w">2017-03-02</subfield>
    <subfield code="y">BK</subfield>
  </datafield>
  <datafield tag="952" ind1=" " ind2=" ">
    <subfield code="0">0</subfield>
    <subfield code="1">0</subfield>
    <subfield code="2">ddc</subfield>
    <subfield code="4">0</subfield>
    <subfield code="7">0</subfield>
    <subfield code="a">GBC</subfield>
    <subfield code="b">GBC</subfield>
    <subfield code="c">CH</subfield>
    <subfield code="d">2017-03-02</subfield>
    <subfield code="l">4</subfield>
    <subfield code="o">270 GAR</subfield>
    <subfield code="p">007676</subfield>
    <subfield code="r">2025-05-01 00:00:00</subfield>
    <subfield code="s">2025-01-17</subfield>
    <subfield code="t">c.3</subfield>
    <subfield code="w">2017-03-02</subfield>
    <subfield code="y">BK</subfield>
  </datafield>
</record>
